000 00829cam a2200205 4500
001 WB3637-10
008 000000n2000 000 0 eng u
035 _a(Sirsi) u108405
245 _aWould you trust a seller's survey?
260 _c2000
490 _aTimes Weekend
_v 16 September 2000, 14(1)
520 _aThe seller's survey's aim is to cut down on gazumping, but article outlines the concerns of experts that a seller's survey will not be trusted, and that surveyors will be pressurised by homeowners to give a favourable survey.
590 _aWB
650 _aSELLERS SURVEYS
650 _aGAZUMPING
650 _aVENDORS SURVEYS
650 _aPROPERTY-RESIDENTIAL PROPERTY-ACQUISITION AND DISPOSAL OF RESIDENTIAL PROPERTY
690 _aPROPERTY-RESIDENTIAL PROPERTY-RESIDENTIAL PROPERTY MARKET
942 _n0
999 _c64722
_d64722